000 00659nam a2200205 a 4500
999 _c12293
_d12293
001 12293
003 BD-JhCC
005 20210925093002.0
008 210925b20162019bg |||| ||a| 000 0 Ben d
035 _a(BD-JhCC)12293
040 _aBD-JhCC
_dBD-JhCC
041 _aBengali
082 _a297.74
_bKAS 2019
245 _aসারা বছরের জুমুআর বয়ান /
_cসম্পা: মুফতী মীযানুর রহমান কাসেমী
260 _aঢাকা:
_bআশরাফিয়া;
_c২০১৯.
300 _a400 p. :
_c22 cm.
650 _aReligious life-- Islam
942 _2ddc
_cBK